Ampurias / Roger Marcet, Enric Sanmartí
ISBN:
84-7794-104-1
Descripción Física:
178 p. . il., col. ; 31 cm
Otros Autores:
Sanmartí i Grego, Enric
MARC
| LEADER | 00000nam a2200000Ia 4500 | ||
|---|---|---|---|
| 001 | 9585 | ||
| 008 | 160829s1990 xx 000 0 cat d | ||
| 020 | |a 84-7794-104-1 | ||
| 080 | |a FOL-1-86 | ||
| 100 | 1 | |a Marcet i Barbé, Roger, |d 1953- |9 54502 | |
| 245 | |a Ampurias / Roger Marcet, Enric Sanmartí | ||
| 260 | |a Barcelona : |b Diputació de Barcelona, |c 1990 | ||
| 300 | |a 178 p. . il., col. ; |c 31 cm | ||
| 650 | |a Romans |x Empúries (Ciutat antiga) |9 30644 | ||
| 650 | |a Escala |x Arqueologia |9 23631 | ||
| 651 | 0 | |a Empúries (Ciutat antiga) |9 54667 | |
| 651 | 0 | |a Empúries (Ciutat antiga) |9 54667 | |
| 651 | 0 | |a Empúries (Ciutat antiga) |x Història |9 55526 | |
| 700 | |a Sanmartí i Grego, Enric |9 19674 | ||
| 710 | 1 | |a Barcelona (Catalunya : Província). |b Diputació |9 52408 | |
| 901 | |a Arxiu | ||
| 942 | |n 1 | ||
| 952 | |0 0 |1 0 |4 0 |6 FOL186 |7 1 |9 47299 |a Arxiu |b Arxiu |d 2016-12-01 |l 0 |o FOL-1-86 |p 9585 |r 2016-12-01 00:00:00 |w 2016-12-01 |y ARXIU | ||
| 999 | |c 51096 |d 51096 | ||